MARC

LEADER 00000nam0a2200000 4500
001 154536
005 20231101221756.0
010 |a 0761971491 
035 |a (RuTPU)RU\TPU\book\167628 
090 |a 154536 
100 |a 20090302d2006 k y0engy50 ba 
101 0 |a eng 
102 |a GB 
105 |a a z 001zy 
200 1 |a Global Shift. Reshaping the Global Economic MAP in the 21ST Century  |f P. Dicken 
205 |a Fourth Edition 
210 |a London  |c Sage Publications  |d 2006 
215 |a 632 p.  |c il. 
320 |a Bibliography: p. 602-621. 
320 |a Index: p. 622-632. 
606 1 |a Мировая экономика  |2 stltpush  |3 (RuTPU)RU\TPU\subj\44096  |9 63470 
610 1 |a экономика 
610 1 |a глобализация 
610 1 |a глобальная экономика 
610 1 |a экономическое развитие 
610 1 |a экономические реформы 
610 1 |a экономические трансформации 
610 1 |a страны мира 
610 1 |a экономическая карта мира 
610 1 |a английский язык 
610 1 |a 21 век 
686 |a У5  |v LBC/SL-A  |2 rubbk 
700 1 |a Dicken  |b P.  |g Peter 
801 1 |a RU  |b 63413507  |c 20090302  |g PSBO 
801 2 |a RU  |b 63413507  |c 20130910  |g PSBO 
942 |c BK